| 000 | 00384nam a2200145Ia 4500 | ||
|---|---|---|---|
| 008 | 210716s2015 xx 000 0 und d | ||
| 020 | _a9789351105329 | ||
| 041 | _aeng | ||
| 082 | _a004.607 RAUA | ||
| 100 | _aRauschmayer, Axel. | ||
| 245 | _aSpeaking javascript. | ||
| 250 | _a1 | ||
| 260 |
_aNew Delhi _bShroff Publishers and Distributors Pvt Ltd _c2015 |
||
| 300 | _axvii,437,25 | ||
| 999 |
_c195251 _d195251 |
||